| 000 | 00435 a2200169 4500 | ||
|---|---|---|---|
| 000 | BKB | ||
| 001 | 070737 | ||
| 005 | 20200902150857.0 | ||
| 008 | |||
| 082 |
_a004 _bM96I |
||
| 100 | 1 | _aMurrell, paul | |
| 245 | 1 |
_aIntroduction data technoligies _cby paul Murrell |
|
| 260 |
_aLondon _bCRC Press _c2009 |
||
| 300 | _a418p. | ||
| 690 | _adata technoligies | ||
| 964 |
_a _bENG _c _d _e _f _g |
||
| 999 |
_c4165 _d4165 |
||